00716nam a2200181Ia 450000500170000000800390001702000230005608200170007910000240009624501540012025000120027426000470028630000210033365000410035494200120039599900190040795201080042620260421141425.0260225s9999 xx 000 0 und d a9780198289593qhbk a338.6042 SWA aSwann, G. M. Peter  0aThe Dynamics of Industrial Clustering: International Comparisons in Computing and Biotechnologyc/ G. M. Peter Swann, Martha Prevezer,and David Stout a1st ed. aNew York:bOxford University Press,c2002. avi,347p.c;22cm. aSize of Enterprise: Small Businesses cENGLISH c615590d615590 00104070aACLbACLc4Ad2026-02-25l0o338.6042 SWAp290460r2026-02-25 13:56:12w2026-02-25yENGLISH